000 01568cam a22003614i 4500
003 PE-LiUPU
005 20250731183448.0
008 240912b |||||||| |||| 00| 0 spa d
020 _a9783869228716
040 _aPE-LiUPU
_bspa
_cPE-LiUPU
_erda
_dPE-LiUPU
082 0 4 _a720.9852
_bT693u
_221
100 _aTorres Roa, Laura
_eautor.
_94397
245 0 1 _aGuía de Arquitectura :
_bLima /
_cLaura Torres Roa y Jorge Álvarez-Builla.
264 1 _aBerlín :
_bDOM publishers,
_c2023.
300 _a405 páginas :
_bilustraciones, mapas, fotos color ;
_c24 centímetros.
336 _atext
_2rdacontent
337 _aunmediated
_2rdamedia
338 _avolume
_2rdacarrier
505 _aLatin case study houses -- El legado del centro histórico -- Costa -- Panamericana y carretera central -- Tren eléctrico -- Vía expresa -- Arequipa-Larco -- Lima oeste: de San Miguel a Magdalena -- San Isidro -- Centro histórico -- Los terremotos y las posibilildades de la arquitectura.
526 _aP158
526 _aP146
526 _aP17
526 _aP12
526 _aP06
650 1 4 _aArquitectura
_zPerú
_zLima.
_94395
650 2 4 _aLima, Lma. (Perú : Distrito Capital)
_xUrbanismo
_vGuías.
_94396
651 2 0 _aCallao (Perú : Provincia Constitucional)
_94373
651 2 4 _aLima
_vGuías.
_94374
700 _aÁlvarez-Builla, Jorge
_eautor.
_94398
942 _2ddc
_cBK
980 _81
_gALBERTO SANCHEZ Responsable de Automatización
_618226
_aJaime Vilcazán Jefe de Análisis Documental
999 _c62624
_d62623